Le problème de l'âme

Guardat en:
Dades bibliogràfiques
Autor principal: Strasser, Stephan (Autor)
Format: Llibre
Idioma:francès
Publicat: Lovaina Universitaires de Louvain 1953
Col·lecció:Bibliothèque Philosophique de Louvain
Matèries:
Etiquetes: Afegir etiqueta
Sense etiquetes, Sigues el primer a etiquetar aquest registre!

MARC

LEADER 00000nam a2200000 a 4500
001 UCZ4645
003 CL-VaPUC
008 951110e19530000BE |||||||||||||||||fre|d
082 0 4 |a 110  |b STR  |2 21 
100 0 |a Strasser, Stephan  |e author  |9 348660 
245 1 3 |a Le problème de l'âme 
300 |a 257 p 
942 |c BK 
945 |d 19951110 00:00:00  |a cmena 
260 |a Lovaina  |b Universitaires de Louvain  |c 1953 
650 0 |a Metafísica  |9 265649 
650 0 |a Filosofía del espíritu  |9 320175 
650 0 |a Psicología aplicada   |9 270762 
650 0 |a Empirismo  |9 255037 
650 7 |a SER  |2 CL-VaPUC  |9 320176 
650 0 |a Ontología   |9 256850 
650 0 |a Cognición   |9 270347 
650 0 |a Fenomenología  |9 256519 
650 0 |a Teoría del conocimiento   |9 255038 
583 |a last modification  |c 19951110 00:00:00  |k Rodrigo Vera 
490 0 |a Bibliothèque Philosophique de Louvain 
999 |c 241013  |d 241011 
952 |0 0  |1 0  |4 0  |6 110_000000000000000_STR_1953  |7 0  |8 P  |9 253152  |a BIBEDU  |b BIBEDU  |c BIBEDU_PB  |d 2019-11-19  |i 1596829  |o 110 STR 1953  |p 1596829  |r 2024-01-25  |w 2019-11-19  |y BK  |k FIL